000 00434nab a2200145Ia 4500
003 ES-SlBCS
005 20210601125456.0
008 140529s1989-90 xxu||||| |||| 00| 0 eng d
041 _aeng
100 1 _aLang, Berel
_9133001
245 0 4 _aThe Politics of Interpretation: Spinoza's Modernist Turn
_c Berel Lang
600 1 4 _aSpinoza
_9129845
773 0 _tReview of Methaphysics
_gvol. 43, 1989-90, págs. 327-356
_wRev843
942 _cAR
999 _c530945
_d530945